000 00321nam a2200121Ia 4500
008 231129s1981||||xx |||||||||||||| ||spa||
082 _aER- 476
100 _aCorporación Biblioteca Pública
245 0 _aPereira Cultural Nº 1
260 _c1981
264 _aPereira: Gráficas Olí­mpica 1981
942 _2ddc
_cBKS
999 _c22635
_d22635